| 000 | 00982nam a2200289 4500 | ||
|---|---|---|---|
| 001 | 68094 | ||
| 003 | ES-MaACL | ||
| 005 | 20250809151040.0 | ||
| 008 | 211220s1998 sp | ||| ||spa | ||
| 020 | _a84-08-46262-8 | ||
| 080 | _a902 | ||
| 245 | 0 | 3 |
_aLa aventura de la arqueología / _cun libro de National Geographic. |
| 250 | _a2ª ed. | ||
| 260 |
_a[Barcelona] : _bRBA : _bPlaneta, _c1998. |
||
| 300 |
_a368 p. : _bil. col., fot. ; _c31 cm. |
||
| 490 | 1 | _aNuevos horizontes | |
| 500 | _aÍndice. | ||
| 594 | _aEn port.: National Geographic Society | ||
| 650 | 7 |
_aArqueología _2embne _99975 |
|
| 710 | 2 |
_aNational Geographic Society. _95972 |
|
| 830 | 1 |
_aNuevos horizontes _9182562 |
|
| 852 | 4 |
_aES-MaACL _jA-14799 _970622 _bR.152459 _cDEPO1 _dOlim: N-7799 _hDonacion: Amadeo Aláez _x Encuadernación en cartoné. |
|
| 903 |
_919076 _aAláez Rojo, Amadeo _ednr |
||
| 942 |
_2udc _cMONOGRAFIA |
||
| 999 |
_c68094 _d68094 |
||